000 00535nam a2200181Ia 4500
005 20250326125351.0
008 250326s9999 xx 000 0 und d
037 _aTextbook
040 _aFMSL
_beng
_cFMSL
041 _aeng
_2eng
084 _aX8(J):77 K8
_qFMSL
100 _aSouthworth H M
_9738955
245 0 _aAgricultural development and economic growth
_cSouthworth H M; Johnston B F
260 _aNY
_bNY, Cornell University
_c1968
300 _a608p
942 _cTB
_hX8(J):77 K8
999 _c1277723
_d1277723